000 00681nam a2200229 a 4500
001 BRL_428
005 20190320210733.0
008 090813s1950----u--a######---#000-0#eng-#
041 _aeng
044 _au
050 4 _aPM3962
_b.T46 1950
100 1 _aThompson, J. Eric S.
_d1898-1975
_q(John Eric Sidney)
_923884
245 1 0 _aMaya hieroglyphic writing
_bintroduction
_cJ. Eric S. Thompson.
260 _aWashington, D.C.
_bCarnegie Institution of Washington
_c1950
300 _axvi, 347 p.
_bil.
_c30 cm.
500 _aAu433
500 _aBibliografía: p. 329-339
650 1 4 _aMayas
_xEscritura
_923885
650 1 4 _aCalendario maya
_98075
902 _aGRL
942 _2lcc
_cB
999 _c9240
_d9240